Sports les plus pratiqués en France - Statistiques

Statistiques générales
  • Ce quiz a été pris 1 078 fois
  • Le résultat moyen est 7 sur 10
Statistiques - réponses
Classement Nombre de licenciés Sport % Correct
1 2 130 000 Football
100%
4 678 000 Basketball
92%
2 1 019 000 Tennis
90%
6 456 000 Handball
77%
8 379 000 Natation
73%
10 303 000 Rugby
73%
3 692 000 Équitation
60%
5 462 000 Judo
55%
7 441 000 Golf
42%
9 316 000 Canoë Kayak
8%
Aucun quiz correspondant
Distribution des résultats
% des personnes avec chaque résultat
Percentile par nombre de réponses
Votre historique - résultats
Vous n’avez pas pris ce quiz